00982nam a2200265 a 45000010008000000030005000080050017000130080041000300100017000710200015000880350021001030400016001240420014001400430012001540500024001660820019001901000018002092450035002272500013002622600030002753000025003055040329003306000018006596500039006774929542NUST20221219125412.0950125s1994 enk b 001 0aeng d a 95107972  a0099387212 a(OCoLC)31938069  aUkcUkdDLC alccopycat au-at---04aPN5516.P55bA3 199400a070.92,PIL2201 aPilger, John.10aDistant voices /cJohn Pilger. aRev. ed. aLondon :bVintage,c1994. axv, 625 p. ;c20 cm. aInvisible Britain (Page-21), Distant Voice of Dissent (Page-61), The Quiet Death of the Labour party (Page-95), Mythmakers of the Gulf War (Page-123), War by other Means (Page-191), East Timor (Page-231), Tributes (Page-325), On the Read (Page-369), Combodia (Page-399), Under the Volcano (Page-495), Australia (Page-521). 10aPilger, John. 0aJournalistszAustraliaxBiography.